<?xml version="1.0" encoding="UTF-8"?>
<collection xmlns="http://www.loc.gov/MARC21/slim">
<record>
  <controlfield tag="001">95071</controlfield>
  <controlfield tag="005">20210902121830.0</controlfield>
  <datafield tag="024" ind1="7" ind2=" ">
    <subfield code="2">doi</subfield>
    <subfield code="a">10.3390/ijerph17145039</subfield>
  </datafield>
  <datafield tag="024" ind1="8" ind2=" ">
    <subfield code="2">sideral</subfield>
    <subfield code="a">118999</subfield>
  </datafield>
  <datafield tag="037" ind1=" " ind2=" ">
    <subfield code="a">ART-2020-118999</subfield>
  </datafield>
  <datafield tag="041" ind1=" " ind2=" ">
    <subfield code="a">eng</subfield>
  </datafield>
  <datafield tag="100" ind1=" " ind2=" ">
    <subfield code="a">Segura-Díaz, J.M.</subfield>
  </datafield>
  <datafield tag="245" ind1=" " ind2=" ">
    <subfield code="a">Feasibility and reliability of a questionnaire to assess the mode, frequency, distance and time of commuting to and from school: The PACO study</subfield>
  </datafield>
  <datafield tag="260" ind1=" " ind2=" ">
    <subfield code="c">2020</subfield>
  </datafield>
  <datafield tag="506" ind1="0" ind2=" ">
    <subfield code="a">Access copy available to the general public</subfield>
    <subfield code="f">Unrestricted</subfield>
  </datafield>
  <datafield tag="520" ind1="3" ind2=" ">
    <subfield code="a">Active commuting to and from school has several health implications. Self-reporting is the most common assessment tool, but there is a high heterogeneity of questionnaires in the scientific literature. The purpose of this study was to analyse the feasibility and reliability of the Spanish “New Version of Mode and Frequency of Commuting To and From School” questionnaire in children and adolescents. A total of 635 children (5–12 years old) and 362 adolescents (12–18 years old) filled out the questionnaire twice (14 days apart). Feasibility was evaluated using an observational checklist. The test-retest reliability of the “New Version of Mode and Frequency of Commuting To and From School” questionnaire and the distance and time to school were examined using the kappa and weight kappa coefficient (¿). No misunderstanding of questions was reported. The time to complete the questionnaire was 15 ± 3.62 and 9 ± 2.26 min for children and adolescents, respectively. The questionnaire showed substantial and almost perfect kappa coefficients for the overall six items (k = 0.61–0.94) in children and adolescents. The “New Version of Mode and Frequency of Commuting To and From School” questionnaire is a feasible and reliable questionnaire in Spanish children and adolescents.</subfield>
  </datafield>
  <datafield tag="536" ind1=" " ind2=" ">
    <subfield code="9">info:eu-repo/grantAgreement/ES/MINECO/DEP2016-75598-R</subfield>
  </datafield>
  <datafield tag="540" ind1=" " ind2=" ">
    <subfield code="9">info:eu-repo/semantics/openAccess</subfield>
    <subfield code="a">by</subfield>
    <subfield code="u">http://creativecommons.org/licenses/by/3.0/es/</subfield>
  </datafield>
  <datafield tag="590" ind1=" " ind2=" ">
    <subfield code="a">3.39</subfield>
    <subfield code="b">2020</subfield>
  </datafield>
  <datafield tag="591" ind1=" " ind2=" ">
    <subfield code="a">PUBLIC, ENVIRONMENTAL &amp; OCCUPATIONAL HEALTH</subfield>
    <subfield code="b">41 / 176 = 0.233</subfield>
    <subfield code="c">2020</subfield>
    <subfield code="d">Q1</subfield>
    <subfield code="e">T1</subfield>
  </datafield>
  <datafield tag="591" ind1=" " ind2=" ">
    <subfield code="a">ENVIRONMENTAL SCIENCES</subfield>
    <subfield code="b">118 / 273 = 0.432</subfield>
    <subfield code="c">2020</subfield>
    <subfield code="d">Q2</subfield>
    <subfield code="e">T2</subfield>
  </datafield>
  <datafield tag="591" ind1=" " ind2=" ">
    <subfield code="a">PUBLIC, ENVIRONMENTAL &amp; OCCUPATIONAL HEALTH</subfield>
    <subfield code="b">68 / 203 = 0.335</subfield>
    <subfield code="c">2020</subfield>
    <subfield code="d">Q2</subfield>
    <subfield code="e">T2</subfield>
  </datafield>
  <datafield tag="592" ind1=" " ind2=" ">
    <subfield code="a">0.747</subfield>
    <subfield code="b">2020</subfield>
  </datafield>
  <datafield tag="593" ind1=" " ind2=" ">
    <subfield code="a">Health, Toxicology and Mutagenesis</subfield>
    <subfield code="c">2020</subfield>
    <subfield code="d">Q2</subfield>
  </datafield>
  <datafield tag="593" ind1=" " ind2=" ">
    <subfield code="a">Public Health, Environmental and Occupational Health</subfield>
    <subfield code="c">2020</subfield>
    <subfield code="d">Q2</subfield>
  </datafield>
  <datafield tag="593" ind1=" " ind2=" ">
    <subfield code="a">Pollution</subfield>
    <subfield code="c">2020</subfield>
    <subfield code="d">Q2</subfield>
  </datafield>
  <datafield tag="655" ind1=" " ind2="4">
    <subfield code="a">info:eu-repo/semantics/article</subfield>
    <subfield code="v">info:eu-repo/semantics/publishedVersion</subfield>
  </datafield>
  <datafield tag="700" ind1=" " ind2=" ">
    <subfield code="a">Rojas-Jiménez, Á.</subfield>
  </datafield>
  <datafield tag="700" ind1=" " ind2=" ">
    <subfield code="a">Barranco-Ruiz, Y.</subfield>
  </datafield>
  <datafield tag="700" ind1=" " ind2=" ">
    <subfield code="a">Murillo-Pardo, B.</subfield>
    <subfield code="u">Universidad de Zaragoza</subfield>
    <subfield code="0">(orcid)0000-0003-4755-6842</subfield>
  </datafield>
  <datafield tag="700" ind1=" " ind2=" ">
    <subfield code="a">Saucedo-Araujo, R.G.</subfield>
  </datafield>
  <datafield tag="700" ind1=" " ind2=" ">
    <subfield code="a">Aranda-Balboa, M.J.</subfield>
  </datafield>
  <datafield tag="700" ind1=" " ind2=" ">
    <subfield code="a">Herrador-Colmenero, M.</subfield>
  </datafield>
  <datafield tag="700" ind1=" " ind2=" ">
    <subfield code="a">Villa-González, E.</subfield>
  </datafield>
  <datafield tag="700" ind1=" " ind2=" ">
    <subfield code="a">Chillón, P.</subfield>
  </datafield>
  <datafield tag="710" ind1="2" ind2=" ">
    <subfield code="1">3001</subfield>
    <subfield code="2">187</subfield>
    <subfield code="a">Universidad de Zaragoza</subfield>
    <subfield code="b">Dpto. Expres.Music.Plást.Corp.</subfield>
    <subfield code="c">Área Didáctica Expres.Corporal</subfield>
  </datafield>
  <datafield tag="773" ind1=" " ind2=" ">
    <subfield code="g">17, 14 (2020), 5039  1-15</subfield>
    <subfield code="p">Int. j. environ. res. public health</subfield>
    <subfield code="t">International Journal of Environmental Research and Public Health</subfield>
    <subfield code="x">1661-7827</subfield>
  </datafield>
  <datafield tag="856" ind1="4" ind2=" ">
    <subfield code="s">552158</subfield>
    <subfield code="u">http://zaguan.unizar.es/record/95071/files/texto_completo.pdf</subfield>
    <subfield code="y">Versión publicada</subfield>
  </datafield>
  <datafield tag="856" ind1="4" ind2=" ">
    <subfield code="s">442137</subfield>
    <subfield code="u">http://zaguan.unizar.es/record/95071/files/texto_completo.jpg?subformat=icon</subfield>
    <subfield code="x">icon</subfield>
    <subfield code="y">Versión publicada</subfield>
  </datafield>
  <datafield tag="909" ind1="C" ind2="O">
    <subfield code="o">oai:zaguan.unizar.es:95071</subfield>
    <subfield code="p">articulos</subfield>
    <subfield code="p">driver</subfield>
  </datafield>
  <datafield tag="951" ind1=" " ind2=" ">
    <subfield code="a">2021-09-02-10:15:15</subfield>
  </datafield>
  <datafield tag="980" ind1=" " ind2=" ">
    <subfield code="a">ARTICLE</subfield>
  </datafield>
</record>
</collection>